Super Smash Bros. Brawl Newcomers - Statistics

General Stats
  • This quiz has been taken 143 times
  • The average score is 15 of 16
Answer Stats
Franchise Fighter % Correct
Kirby King Dedede
96%
_____ the Hedgehog Sonic
96%
_____ware Wario
96%
Kirby Meta Knight
95%
Donkey Kong Diddy Kong
94%
Earthbound Lucas
94%
Pikmin Olimar
94%
Metal Gear Solid Snake
94%
The Legend of Zelda Toon Link
94%
Star Fox Wolf
94%
Metroid Zero Suit Samus
94%
Kid Icarus Pit
93%
Pokémon Lucario
91%
Fire Emblem Ike
90%
Pokémon Pokémon Trainer
90%
______ R.O.B.
63%
No matching quizzes found
Score Distribution
Percent of People with Each Score
Percentile by Number Answered
Your Score History
You have not taken this quiz